LEADER 02384oam 2200565 450 001 9910714005603321 005 20180723161058.0 035 $a(CKB)3790000000046634 035 $a(OCoLC)795694930$z(OCoLC)655040127$z(OCoLC)798545835$z(OCoLC)1012068873$z(OCoLC)1022008380 035 $a(EXLCZ)993790000000046634 100 $a20120617d1999 ua 0 101 0 $aeng 135 $aurgn||||||||| 181 $ctxt$2rdacontent 182 $cc$2rdamedia 183 $acr$2rdacarrier 200 10$aAre the federal government's critical programs ready for January 1, 2000? $ejoint hearing before the Subcommittee on Government Management, Information, and Technology of the Committee on Government Reform and the Subcommittee on Technology of the Committee on Science, House of Representatives, One Hundred Sixth Congress, first session, April 13, 1999 210 1$aWashington :$cU.S. Government Printing Office,$d1999. 215 $a1 online resource (v, 112 pages) $cillustrations 300 $a"Committee on Government Reform, serial no. 106-52." 300 $a"Committee on Science, serial no. 106-53." 320 $aIncludes bibliographical references. 517 $aAre the federal government's critical programs ready for January 1, 2000? 606 $aYear 2000 date conversion (Computer systems)$zUnited States 606 $aAdministrative agencies$zUnited States$xData processing 606 $aAdministrative agencies$xData processing$2fast 606 $aYear 2000 date conversion (Computer systems)$2fast 607 $aUnited States$2fast 608 $aLegislative hearings.$2lcgft 615 0$aYear 2000 date conversion (Computer systems) 615 0$aAdministrative agencies$xData processing. 615 7$aAdministrative agencies$xData processing. 615 7$aYear 2000 date conversion (Computer systems) 676 $a352.3/8/0285516 712 02$aUnited States.$bCongress.$bHouse.$bCommittee on Science.$bSubcommittee on Technology, 801 0$bOCLCE 801 1$bOCLCE 801 2$bOCLCO 801 2$bOCLCQ 801 2$bOCLCF 801 2$bOCLCQ 801 2$bOCLCO 801 2$bCWCLL 801 2$bNJR 801 2$bOCLCQ 801 2$bGPO 906 $aBOOK 912 $a9910714005603321 996 $aAre the federal government's critical programs ready for January 1, 2000$93512538 997 $aUNINA LEADER 01681nam 2200457 450 001 9910795624903321 005 20210625152903.0 010 $a1-64012-366-0 010 $a1-64012-105-6 035 $a(CKB)5470000000002098 035 $a(MiAaPQ)EBC6282646 035 $a(EXLCZ)995470000000002098 100 $a20201127d2020 uy 0 101 0 $aeng 135 $aurcnu|||||||| 181 $ctxt$2rdacontent 182 $cc$2rdamedia 183 $acr$2rdacarrier 200 10$aCold war resistance $ethe international struggle over antibiotics /$fMarc Landas 210 1$aLincoln :$cPotomac Books, an imprint of the University of Nebraska Press,$d2020. 215 $a1 online resource (363 pages) $cillustrations 311 $a1-64012-368-7 320 $aIncludes bibliographical references and index. 330 $a"In "Cold War Resistance, " Marc Landas uncovers the dark history behind the discovery, production, and distribution of antibiotics, and how the Cold War played a role in today's worsening resistance to antibiotics"--$cProvided by publisher. 606 $aCold War$xBiological warfare 606 $aAntibiotics industry$xHistory 606 $aAntibiotics$xHistory 606 $aDrug resistance in microorganisms 615 0$aCold War$xBiological warfare. 615 0$aAntibiotics industry$xHistory. 615 0$aAntibiotics$xHistory. 615 0$aDrug resistance in microorganisms. 676 $a615.7922 700 $aLandas$b Marc$f1972-$01535679 801 0$bMiAaPQ 801 1$bMiAaPQ 801 2$bMiAaPQ 906 $aBOOK 912 $a9910795624903321 996 $aCold war resistance$93784024 997 $aUNINA